000
00292nam a2200133 a 4500
008
141104s2002|||| d
100
1
_a
Boroš, Július
245
1
0
_a
Úvod do psychológie
260
_a
Bratislava
_c
2002
020
_c
0
041
_a
slo
044
_a
xo
_c
SK
958
_a
APR
999
_c
20508
_d
20508